Planned educational change : a manual of curriculum review, development, and implementation (CRDI) concepts and procedures

Αποθηκεύτηκε σε:
Λεπτομέρειες βιβλιογραφικής εγγραφής
Κύριος συγγραφέας: Leithwood, Kenneth A.
Μορφή: Βιβλίο
Γλώσσα:English
Δημοσίευση: Ontario : The Ontario Institute for Studies in Education, c1986
Θέματα:
Ετικέτες: Προσθήκη ετικέτας
Δεν υπάρχουν, Καταχωρήστε ετικέτα πρώτοι!

MARC

LEADER 00000nam a2200000 i 4500
001 1/23677
008 981126s1986 eng d
020 |a 0-7744-5078-9 
035 |l 10036914 
040 |a GR-MY-UA  |b gre  |e aacr 
041 0 |a eng 
082 0 |a 375.00109713 
100 1 |a Leithwood, Kenneth A. 
245 1 0 |a Planned educational change :  |b a manual of curriculum review, development, and implementation (CRDI) concepts and procedures /  |c Kenneth Leithwood general editor 
260 |a Ontario :   |b The Ontario Institute for Studies in Education,   |c c1986 
300 |a 111 p. 
650 0 0 |a Curriculum change  |z Ontario  |x Handbooks, manuals, etc. 
650 0 0 |a Curriculum planning  |z Ontario  |x Handbooks, manuals, etc. 
650 0 0 |a School improvement programs  |z Ontario  |x Handbooks, manuals, etc. 
852 |a INST  |b LESVOS  |e 19981126  |h 375.00109713 LEI  |p 005100017656  |q 005100017656  |t BK  |y 0 
901 |a BIBL-1999-1 
909 |a Λ  |b 060185 
922 |a 1ΕΛΗ  |b 199810  |c ΚΠΣ/ΚΥΒ  |d ΠΑΠΑΣΩΤΗΡΙΟΥ 
950 |a 023-1998-03-23 
970 |z 2000/05/ΟΙΚΟΝΟΜΟΠΟΥΛΟΥ ΧΡΙΣΤΙΝΑ